000 00425nam a2200169Ia 4500
008 230524s9999 xx 000 0 und d
082 _a621.382
_bBHA
100 _aT.S. Bhattia
245 0 _aSmall Hydro Power Systems
250 _a1ST
260 _aNEW DELHI
_bDhanpat Rai
_c2004
300 _aXI;218
500 _aQuantity Number: 2
650 _aElectrical
700 _a" R.C.Bansal , D.P.Kothari,,,"
942 _cBK
999 _c23806
_d23806